000
00273nam a2200109 a 4500
005
20140414131932.0
008
110114s19uu xx 00 eng d
050
_a
REF 220
_b
Am1 2008
245
_a
The amazing bible factbook :
_b
for kids.
260
_b
Time.
999
_c
112278
_d
112278